Keď hovorí Matka : (úvahy nad posolstvami Panny Márie) /
Uložené v:
| Hlavný autor: | |
|---|---|
| Médium: | Kniha |
| Jazyk: | Slovak |
| Vydané: |
Bratislava :
Magnificat Slovakia,
2014.
|
| Vydanie: | [1. vyd.] |
| Témy: | |
| ISBN: |
9788097170608 (brož.) |
| Fyzický popis: |
191 s. : fotogr., portrét ; 21 cm. |
| Tagy: |
Pridať tag
Žiadne tagy, Buďte prvý kto otaguje tento záznam!
|
Titul je dostupný aj v ... 

MARC
| LEADER | 00000nam a2200000 a 4500 | ||
|---|---|---|---|
| 001 | 000456607 | ||
| 005 | 20150223080525.0 | ||
| 008 | 140922s2014 xo co e 000 0 slo d | ||
| 020 | |a 9788097170608 (brož.) | ||
| 040 | |a SVKKK |b slo |c SVKKK |e AACR2 | ||
| 041 | 0 | |a slo | |
| 044 | |a xo |c SK | ||
| 072 | 7 | |a 27-5 |x Liturgia. Kresťanské umenie a symbolika. Duchovný život |2 konspekt | |
| 080 | |a 27-312.47-5 |2 2001 | ||
| 080 | |a 27-312.47-587.5 |2 2001 | ||
| 080 | |a 27-584 |2 2001 | ||
| 080 | |a (0:82-4) |2 2001 | ||
| 100 | 1 | |a Selecký, Anton, |d 1950- | |
| 245 | 1 | 0 | |a Keď hovorí Matka : |b (úvahy nad posolstvami Panny Márie) / |c Anton Selecký. |
| 250 | |a [1. vyd.] | ||
| 260 | |a Bratislava : |b Magnificat Slovakia, |c 2014. | ||
| 300 | |a 191 s. : |b fotogr., portrét ; |c 21 cm. | ||
| 500 | |a Biograf. údaje o aut. | ||
| 600 | 0 | 7 | |a Mária, |c matka Ježišova, svätá |2 SVKKKMA |
| 650 | 0 | 7 | |a mariánsky kult |2 SVKKKPH |
| 650 | 0 | 7 | |a mariánske zjavenia |2 SVKKKPH |
| 650 | 0 | 7 | |a duchovný život |2 SVKKKPH |
| 650 | 0 | 7 | |a posolstvá |2 SVKKKPH |
| 655 | 7 | |a úvahy |2 SVKKKPH | |
| 910 | |a svkkk | ||
| 919 | |a 978-80-971706-0-8 | ||
| 998 | |a BK | ||
| 090 | |g SCKHL |k Sklad Hlavná 10 prízemie |a III.231078 |j 1059065 |i 2720325888 |s Absenčne | ||